000 01043nam a2200349Ia 4500
003 OSt
005 20220912150716.0
006 a|||||r|||| 00| 0
007 ta
008 220909b |||||||| |||| 00| 0 eng d
020 _a0824700503 (hbd)
024 _a5219
037 _bEducational,
037 _cReference Collections
040 _aCSL
_beng
_cCSL
041 _aeng
082 _aE:26-283g, N8 RR
100 _aSkotheim Terhe A Ed.
245 0 _aHandbook of conducting polymers
250 _aRev 2
260 _aNew York Marcel Dekker, Inc
_c1998
300 _axiii, 1097p
500 _aIncludes bibliographical references; Index 1075-1097p
650 _a Conducting polymes
650 _a Handbook
650 _a Physical
650 _aChemistry
700 _a Elsenbaumer Ronald L Ed.
700 _a Reynold John R Ed.
942 _hE:26-283g, N8 RR
_cREF
_2CC
999 _c53078
_d53078